Elige la actitud positiva
Wedi'i Gadw mewn:
| Prif Awduron: | , |
|---|---|
| Fformat: | Llyfr |
| Iaith: | Sbaeneg |
| Cyhoeddwyd: |
Santiago
Galdoc
1997
|
| Cyfres: | Guías Didácticas Elige, 2
|
| Pynciau: | |
| Tagiau: |
Ychwanegu Tag
Dim Tagiau, Byddwch y cyntaf i dagio'r cofnod hwn!
|
MARC
| LEADER | 00000nam a2200000 a 4500 | ||
|---|---|---|---|
| 001 | UCM9963 | ||
| 003 | CL-VaPUC | ||
| 008 | 030530e19970000CL |||||||||||||||||spa|d | ||
| 082 | 0 | 4 | |a 158.1 |b AGU |2 21 |
| 100 | 0 | |a Aguilar Kubli, Eduardo |e author |9 476643 | |
| 700 | 0 | |a Jáuregui Covarrubias, Alfonso |e author |9 476644 | |
| 245 | 1 | 0 | |a Elige la actitud positiva |
| 246 | 1 | 0 | |a Elige tus metas |
| 246 | 1 | 0 | |a Elige los valores |
| 300 | |a 80 p | ||
| 942 | |c BK | ||
| 945 | |d 20030530 00:00:00 |a cmena | ||
| 260 | |a Santiago |b Galdoc |c 1997 | ||
| 650 | 0 | |a Autoestima |9 308492 | |
| 650 | 0 | |a Desarrollo Personal |9 390751 | |
| 650 | 0 | |a Actitud positiva |9 476645 | |
| 650 | 7 | |a OPTIMISMO |2 CL-VaPUC |9 476646 | |
| 583 | |a last modification |c 20030530 00:00:00 |k Rodrigo Vera | ||
| 490 | 0 | |a Guías Didácticas Elige, 2 | |
| 999 | |c 304031 |d 304029 | ||
| 952 | |0 0 |1 0 |4 0 |6 158_100000000000000_AGU_1997 |7 0 |8 A |9 365775 |a BIBEDU |b BIBEDU |d 2019-11-21 |i 3907511 |o 158.1 AGU 1997 |p 3907511 |r 2019-11-21 |w 2019-11-21 |y BK |k EPE | ||